000
00292nam a22001337a 4500
008
171101b xxu||||| |||| 00| 0 eng d
020
_a
0140226222
041
_a
eng
080
_2
4TH
_a
339.9
100
_a
59
101
_a
GLO
245
_a
RISE TO GLOBALISM
_c
AMBROSE.S.E
942
_2
udc
_c
BK
999
_c
37102
_d
37102